00581nam a2200181Ia 4500008004100000041000800041082001500049100002200064245002200086260004200108300000900150500002200159500002200181650001500203700002200218999001700240952014200257230125s9999 xx 000 0 und d aeng a651.3bJOS aJoshi P M9114737 aOffice Management c1990bSuvichar prakashan mandalaPune a160p aOffice management aOffice Management aManagement aJoshi P M9114737 c92304d92304 01104070aHIMRbHIMRd1998-06-16eSatya Gilanig30.00o651.3 JOS DB0077pHIMR-DB-77r2023-01-25 00:00:00v30.00w1998-06-19yDBzDB0077